Statistics for Neuroanatomical opposites

Click here to take the quiz!

General Stats

  • This quiz has been taken 19 times
  • The average score is 4 of 5

Answer Stats

HintAnswer% Correct
SuperiorInferior
100%
AnteriorPosterior
100%
VentralDorsal
75%
LateralMedial
50%
RostralCaudal
33%

Score Distribution

Percentile by Number Answered

Percent of People with Each Score

Your Score History

You have not taken this quiz